English through practice Tercer año de Enseñanza media

Сохранить в:
Библиографические подробности
Главный автор: Miquel, Lidia
Формат:
Язык:испанский
Опубликовано: Santiago. Universitaria. 1977.
Предметы:
Метки: Добавить метку
Нет меток, Требуется 1-ая метка записи!

MARC

LEADER 00000nam a22000005a 4500
001 8103
003 CL-ChBUA
005 20120815103054.0
008 070301s1977 cl 000 0 spa
040 |a CL-ChBUA  |c CL-ChBUA 
082 0 0 |a 425 
090 |c 8103  |d 8103 
100 1 |a Miquel, Lidia. 
245 1 0 |a English through practice Tercer año de Enseñanza media 
260 |b Universitaria.  |a Santiago.  |c 1977. 
300 |a 158 p.  |c 22 cm. 
504 |a Indice. 
650 4 |a INGLES-ENSEÑANZA. 
942 |c LIB 
952 |0 0  |1 0  |4 0  |7 0  |9 12031  |a UNACH  |b UNACH  |c 400  |d 2007-03-05  |i 17.919.  |l 1  |o 425 / M 669.  |p 13030  |r 2014-04-04 00:00:00  |s 2014-03-28  |u 12031  |w 2012-08-08  |y LIB  |k 425 / M 669. 
999 |c 8103  |d 8103